Normal view
MARC view
Entry Topical Term
001 - CONTROL NUMBER
- control field: 21249
003 - CONTROL NUMBER IDENTIFIER
- control field: ARRUPE
005 - DATE AND TIME OF LATEST TRANSACTION
- control field: 20151208111837.0
008 - FIXED-LENGTH DATA ELEMENTS
- fixed length control field: 151208|| aca||aabn | a|a d
040 ## - CATALOGING SOURCE
- Original cataloging agency: ARRUPE
- Transcribing agency: ARRUPE
150 ## - HEADING--TOPICAL TERM
- Topical term or geographic name as entry element: Catholic church
- General subdivision: Pastoral theology
670 ## - SOURCE DATA FOUND
- Source citation: Work cat.: (ARRUPE): Puthenveettil, Ambrose 21248, Community theology of P.M. Zulehner and M. Amaladoss, 2007